000 00459nam a2200181Ia 4500
001 33193
003 IN-NITTTR
005 20251114233436.0
008 251113s9999||||xx |||||||||||||| ||eng||
040 _beng
040 _cIN-NITTTR
041 _aeng
082 _aTJ163.2
100 _aFarret, Felix A.
245 0 _aIntegration of Renewable Sources of Energy /
_cFarret, Felix A., Simo?es, M. Godoy
700 _a Simo?es, M. Godoy
942 _2ddc
_cBK
999 _c35656
_d35656